Five feet apart / (Record no. 456)

MARC details
000 -LEADER
fixed length control field 01405cam a2200361 i 4500
005 - DATE AND TIME OF LATEST TRANSACTION
control field 20260322212020.0
008 - FIXED-LENGTH DATA ELEMENTS--GENERAL INFORMATION
fixed length control field data
010 ## - LIBRARY OF CONGRESS CONTROL NUMBER
LC control number 2018029446
020 ## - INTERNATIONAL STANDARD BOOK NUMBER
International Standard Book Number 9781534437333 (hardback)
020 ## - INTERNATIONAL STANDARD BOOK NUMBER
International Standard Book Number 9781534437357 (Ebook)
040 ## - CATALOGING SOURCE
Original cataloging agency DLC
Language of cataloging eng
Description conventions rda
Transcribing agency DLC
042 ## - AUTHENTICATION CODE
Authentication code pcc
-- pcc
050 00 - LIBRARY OF CONGRESS CALL NUMBER
Classification number PZ7.1.L568
Item number Fi 2018
082 00 - DEWEY DECIMAL CLASSIFICATION NUMBER
Classification number [Fic]
Edition information 23
099 ## - LOCAL FREE-TEXT CALL NUMBER (OCLC)
Classification number LIPPIR
001 - CONTROL NUMBER
control field data
100 1# - MAIN ENTRY--PERSONAL NAME
Personal name Lippincott, Rachael,
Relator term author.
245 10 - TITLE STATEMENT
Title Five feet apart /
Statement of responsibility, etc. Rachael Lippincott, Mikki Daughtry & Tobias Iaconis.
250 ## - EDITION STATEMENT
Edition statement First edition.
260 ## - PUBLICATION, DISTRIBUTION, ETC.
Date of publication, distribution, etc. 2018
264 #1 - PRODUCTION, PUBLICATION, DISTRIBUTION, MANUFACTURE, AND COPYRIGHT NOTICE
Place of production, publication, distribution, manufacture New York, New York :
Name of producer, publisher, distributor, manufacturer Simon & Schuster Books for Young Readers,
Date of production, publication, distribution, manufacture, or copyright notice 2018.
300 ## - PHYSICAL DESCRIPTION
Extent 281 pages ;
Dimensions 22 cm
336 ## - CONTENT TYPE
Content type term text
Content type code txt
Source rdacontent
337 ## - MEDIA TYPE
Media type term unmediated
Media type code n
Source rdamedia
338 ## - CARRIER TYPE
Carrier type term volume
Carrier type code nc
Source rdacarrier
520 ## - SUMMARY, ETC.
Summary, etc. Seventeen-year-olds Stella and Will, both suffering from cystic fibrosis, realize the only way to stay alive is to stay apart, but their love for each other is slowly pushing the boundaries of physical and emotional safety.
521 1# - TARGET AUDIENCE NOTE
Target audience note Ages 12 up.
650 #1 - SUBJECT ADDED ENTRY--TOPICAL TERM
Topical term or geographic name entry element Cystic fibrosis
Form subdivision Fiction.
650 #1 - SUBJECT ADDED ENTRY--TOPICAL TERM
Topical term or geographic name entry element Love
Form subdivision Fiction.
700 1# - ADDED ENTRY--PERSONAL NAME
Personal name Daughtry, Mikki,
Relator term author.
700 1# - ADDED ENTRY--PERSONAL NAME
Personal name Iaconis, Tobias,
Dates associated with a name 1971-
Relator term author.
776 08 - ADDITIONAL PHYSICAL FORM ENTRY
Relationship information Online version:
Main entry heading Lippincott, Rachael, author.
Title Five feet apart
Place, publisher, and date of publication New York, New York : Simon & Schuster Books for Young Readers, 2018
International Standard Book Number 9781534437357
Record control number (DLC) 2018037927
Holdings
Withdrawn status Lost status Damaged status Not for loan Home library Current library Shelving location Date acquired Total checkouts Full call number Barcode Date last seen Price effective from Koha item type
        Centerville Centerville General stacks 22/03/2026   [Fic] 23 BC0010467 22/03/2026 22/03/2026 Books